Normal view
MARC view
- عبد الغفار،عبد السلام عبد القادر مؤلف/الشيخ،يوسف محمود م.مشارك
Entry Personal Name
001 - CONTROL NUMBER
- control field: 18284
003 - CONTROL NUMBER IDENTIFIER
- control field: JO-AjAnu
005 - DATE AND TIME OF LATEST TRANSACTION
- control field: 20230606073219.0
008 - FIXED-LENGTH DATA ELEMENTS
- fixed length control field: 230606|| aca||aabn | a|a d
040 ## - CATALOGING SOURCE
- Original cataloging agency: JO-AjAnu
- Transcribing agency: JO-AjAnu
100 ## - HEADING--PERSONAL NAME
- Personal name: عبد الغفار،عبد السلام عبد القادر مؤلف/الشيخ،يوسف محمود م.مشارك
670 ## - SOURCE DATA FOUND
- Source citation: Work cat.: (JO-AjAnu)9385: عبد الغفار،عبد السلام عبد القادر مؤلف/الشيخ،يوسف محمود م.مشارك , author, سيكولوجية الطفل غير العادي والتربية الخاصة